| 000 | 00429cam a22001337a 4500 | ||
|---|---|---|---|
| 008 | 180718b1948 xxu||||| |||| 00| 0 eng d | ||
| 082 | _aN71x5452 M267 | ||
| 100 | _aMadras. Prohibition Enquiry Committee | ||
| 245 | _aReport of the Madras Prohibition Enquiry Committee, 1948 | ||
| 260 |
_aMadras _bThe author _c1948 |
||
| 300 | _a83+p. | ||
| 500 | _aChairman: K.A. Nachiappa Gounder | ||
| 700 | _aGounder, K.A. Nachiappa (Chairman) | ||
| 999 |
_c489490 _d489490 |
||